[Event "Xtracon Open 2019"]
[Site "Helsingor"]
[Date "2019.07.24"]
[Round "6.2"]
[White "Rossen, Claus"]
[Black "Cramling Bellon, Anna"]
[Result "1-0"]
[WhiteElo "2217"]
[BlackElo "2030"]
[Annotator "NA"]
[PlyCount "121"]
[EventDate "2019.07.19"]
[EventType "swiss"]
[EventCountry "DEN"]
[SourceTitle "playchess.com"]
[Source "ChessBase"]
[SourceQuality "1"]

1. e4 c5 2. Nc3 Nc6 3. f4 g6 4. Nf3 Bg7 5. Bc4 e6 6. O-O Nge7 7. f5 gxf5 8. d3 d5 9. exd5 exd5 10. Bb3 Be6 11. Kh1 c4 12. Ba4 d4 13. Ne2 Qa5 14. Bxc6+ Nxc6 15. Nf4 O-O-O 16. Nh5 Rhg8 17. Bg5 Rde8 18. Bf6 Bh6 19. Bxd4 Nxd4 20. Nxd4 Bd5 21. Nf3 Re6 22. Ng3 f4 23. Ne4 Bxe4 24. dxe4 Rxe4 25. c3 Rd8 26. Nd4 Kb8 27. Re1 Rde8 28. Rxe4 Rxe4 29. Nf3 Qc7 30. Qd5 Re8 31. Rd1 Qe7 32. h3 Qe6 33. Qb5 Qc6 34. Qxc6 bxc6 35. Rd7 Bf8 36. Rxf7 Bd6 37. Rxh7 Re2 38. Rd7 Bc5 39. Rd2 Re7 40. h4 Be3 41. Rd6 Kc7 42. Rf6 Rh7 43. Kh2 Rh5 44. Kh3 Rb5 45. a4 Rxb2 46. Ne5 Rb3 47. Rxc6+ Kb7 48. Rxc4 Bd2 49. Rb4+ Rxb4 50. cxb4 Bxb4 51. Kg4 Bd2 52. h5 Ka6 53. Kf3 Bc3 54. Kxf4 Ka5 55. g4 Kxa4 56. g5 Bd2+ 57. Kf5 Bb4 58. h6 Bf8 59. Nd7 Bb4 60. h7 Bc3 61. Nf6 1-0

[Event "Xtracon Open 2019"]
[Site "Helsingor"]
[Date "2019.07.24"]
[Round "6.2"]
[White "Laustsen, Lars"]
[Black "Hobber, Anders"]
[Result "0-1"]
[WhiteElo "2137"]
[BlackElo "2294"]
[Annotator "NA"]
[PlyCount "70"]
[EventDate "2019.07.19"]
[EventType "swiss"]
[EventCountry "DEN"]
[SourceTitle "playchess.com"]
[Source "ChessBase"]
[SourceQuality "1"]

1. d4 d5 2. c4 c6 3. Nf3 Nf6 4. e3 a6 5. Nc3 e6 6. Bd3 dxc4 7. Bxc4 b5 8. Bd3 c5 9. O-O Bb7 10. Qe2 Nbd7 11. Rd1 Qc7 12. e4 cxd4 13. Nxd4 b4 14. Na4 Bd6 15. Nf3 O-O 16. Bg5 h6 17. Bh4 Qa5 18. b3 Qh5 19. Re1 Ng4 20. Bg3 Bxg3 21. fxg3 Bc6 22. h3 Bxa4 23. bxa4 Nge5 24. Kh2 Nc5 25. Bc2 Rfd8 26. Rad1 a5 27. Rxd8+ Rxd8 28. Rd1 Rxd1 29. Qxd1 Ncd7 30. Kh1 Nxf3 31. Qxd7 Ne1 32. Qc8+ Kh7 33. e5+ Nxc2 34. Qxc2+ Qg6 35. Qb2 Qxg3 0-1

[Event "Xtracon Open 2019"]
[Site "Helsingor"]
[Date "2019.07.24"]
[Round "6.2"]
[White "Lye, Sverre"]
[Black "Jacobsen, Per Wurtz"]
[Result "1-0"]
[WhiteElo "1839"]
[BlackElo "2016"]
[Annotator "NA"]
[PlyCount "101"]
[EventDate "2019.07.19"]
[EventType "swiss"]
[EventCountry "DEN"]
[SourceTitle "playchess.com"]
[Source "ChessBase"]
[SourceQuality "1"]

1. e4 Nf6 2. e5 Nd5 3. d4 d6 4. c4 Nb6 5. exd6 cxd6 6. Nc3 g6 7. Be3 Bg7 8. Rc1 Nc6 9. d5 Ne5 10. Be2 O-O 11. b3 Bf5 12. f4 Ned7 13. g4 Bxc3+ 14. Rxc3 Be4 15. Nf3 Rc8 16. Rc1 Nf6 17. Qd4 Bxd5 18. cxd5 Nxg4 19. Bd2 Rxc1+ 20. Bxc1 Nf6 21. Nd2 Nbxd5 22. Qxa7 Nxf4 23. Qxb7 d5 24. Bb2 Qd6 25. a4 Qe6 26. Qa6 Qe3 27. Rf1 Ne4 28. Nxe4 Qxe4 29. Bc1 Qb1 30. Kf2 Qf5 31. Bxf4 Qxf4+ 32. Kg2 Qe4+ 33. Rf3 Qc2 34. Qd3 Qc5 35. Qc3 Qd6 36. b4 Rb8 37. b5 d4 38. Qc4 e6 39. a5 Qd7 40. b6 e5 41. Qb5 Qe7 42. a6 Qd8 43. a7 e4 44. Rg3 Rb7 45. Qc6 Qa8 46. Qxe4 Rxa7 47. Qxa8+ Rxa8 48. b7 Rb8 49. Ba6 Kf8 50. Rd3 Rd8 51. Rxd4 1-0

[Event "Xtracon Open 2019"]
[Site "Helsingor"]
[Date "2019.07.24"]
[Round "6.3"]
[White "Salomon, Johan"]
[Black "Vaishali R"]
[Result "0-1"]
[WhiteElo "2514"]
[BlackElo "2344"]
[Annotator "ChessBase"]
[PlyCount "116"]
[EventDate "2019.07.19"]
[EventType "swiss"]
[EventCountry "DEN"]
[SourceTitle "playchess.com"]
[Source "ChessBase"]
[SourceQuality "1"]

1. c4 e5 2. Nc3 Nf6 3. Nf3 Nc6 4. e4 Bb4 5. d3 d6 6. a3 Bc5 7. b4 Bb6 8. Na4 Bg4 9. Nxb6 axb6 10. Bb2 O-O 11. Be2 Nd7 12. O-O Re8 13. Nd4 Nxd4 14. Bxg4 c5 15. f4 Nf6 16. Bh3 cxb4 17. Bxd4 exd4 18. axb4 b5 19. cxb5 Qb6 20. Qb3 Qxb5 21. Rac1 Re7 22. Rc2 h5 23. Rfc1 Kh7 24. Bf5+ g6 25. Bh3 Ra4 26. Rb1 b6 27. Rc4 d5 28. Rxd4 dxe4 29. Rd6 Ne8 30. Rd5 Qc6 31. dxe4 Nf6 32. Re5 Rea7 33. Qd1 Qc3 34. Qe1 Qd4+ 35. Qf2 Qd3 36. Qf1 Qd4+ 37. Qf2 Qxf2+ 38. Kxf2 Ra2+ 39. Ke3 R7a3+ 40. Kd4 Rf2 41. Re7 Kg8 42. Rc1 Rxf4 43. Ke5 Rf2 44. Rc8+ Kg7 45. Rcc7 Nh7 46. Be6 Ng5 47. h4 Nxe6 48. Rxe6 Rg3 49. Rxb6 Rgxg2 50. Rb8 Rg4 51. b5 Re2 52. Rc4 Rxh4 53. b6 Rb2 54. Kd6 Rh1 55. e5 Rhb1 56. Rc6 h4 57. Ke7 Re2 58. e6 h3 0-1

[Event "Xtracon Open 2019"]
[Site "Helsingor"]
[Date "2019.07.24"]
[Round "6.3"]
[White "Eriksson, Jorgen"]
[Black "Buttkus, Andre"]
[Result "1-0"]
[WhiteElo "2211"]
[BlackElo "2024"]
[Annotator "NA"]
[PlyCount "91"]
[EventDate "2019.07.19"]
[EventType "swiss"]
[EventCountry "DEN"]
[SourceTitle "playchess.com"]
[Source "ChessBase"]
[SourceQuality "1"]

1. Nf3 d5 2. g3 e6 3. Bg2 c5 4. O-O Nc6 5. d3 g6 6. Nbd2 Bg7 7. e4 Nge7 8. Re1 b6 9. c3 a5 10. a4 Ba6 11. Bf1 Ra7 12. exd5 Nxd5 13. Nc4 h6 14. h4 O-O 15. Bd2 Re7 16. Qc1 Kh7 17. Qc2 Kh8 18. Qc1 Kh7 19. Qc2 Kh8 20. Rad1 Bb7 21. Bg2 Qc7 22. Ne3 Nxe3 23. Bxe3 e5 24. Qc1 Kh7 25. Nd2 Rd7 26. Nc4 Ne7 27. Bxb7 Qxb7 28. Qc2 h5 29. Bc1 Rfd8 30. Nxe5 Bxe5 31. Rxe5 Nc6 32. Re3 f6 33. Qe2 Ne5 34. f4 Ng4 35. Re6 f5 36. d4 Kh6 37. Be3 Qd5 38. Bf2 Qb3 39. Re1 Nxf2 40. Kxf2 cxd4 41. Qe5 Qc2+ 42. Kg1 Qd3 43. Kg2 dxc3 44. Qf6 Rg7 45. Re7 Rd7 46. Qxg7# 1-0

[Event "Xtracon Open 2019"]
[Site "Helsingor"]
[Date "2019.07.24"]
[Round "6.3"]
[White "Klings, Peter"]
[Black "Heimisson, Hilmir Freyr"]
[Result "0-1"]
[WhiteElo "2105"]
[BlackElo "2279"]
[Annotator "NA"]
[PlyCount "64"]
[EventDate "2019.07.19"]
[EventType "swiss"]
[EventCountry "DEN"]
[SourceTitle "playchess.com"]
[Source "ChessBase"]
[SourceQuality "1"]

1. Nf3 f5 2. g3 Nf6 3. Bg2 g6 4. d4 Bg7 5. c3 c6 6. O-O O-O 7. Qb3+ Kh8 8. Bf4 h6 9. Nbd2 d6 10. e4 Nh5 11. Be3 f4 12. gxf4 Nxf4 13. Nh4 Kh7 14. Ndf3 Nxg2 15. Kxg2 Qd7 16. Rg1 Qh3+ 17. Kh1 Rxf3 18. Nxg6 Qe6 19. Qxe6 Bxe6 20. Nf4 Bh3 21. Nxh3 Rxh3 22. Rg4 Nd7 23. Rag1 Rg8 24. Kg2 Rh5 25. a4 Nf6 26. Rf4 Bh8+ 27. Kh1 Rxg1+ 28. Kxg1 Rg5+ 29. Kf1 Rg4 30. e5 dxe5 31. dxe5 Rxf4 32. Bxf4 Nd5 0-1

[Event "Xtracon Open 2019"]
[Site "Helsingor"]
[Date "2019.07.24"]
[Round "6.3"]
[White "Ashwin, Hariharan"]
[Black "Rishovd, Svein"]
[Result "1/2-1/2"]
[WhiteElo "1881"]
[BlackElo "2124"]
[Annotator "NA"]
[PlyCount "73"]
[EventDate "2019.07.19"]
[EventType "swiss"]
[EventCountry "DEN"]
[SourceTitle "playchess.com"]
[Source "ChessBase"]
[SourceQuality "1"]

1. e4 c5 2. Nc3 a6 3. f4 Nc6 4. Nf3 e6 5. g3 b5 6. Bg2 Bb7 7. O-O Qb6 8. d3 Nge7 9. Be3 Nd4 10. Nxd4 cxd4 11. Bf2 Nc6 12. Ne2 Bc5 13. c3 Qa7 14. a4 dxc3 15. Bxc5 Qxc5+ 16. d4 Qb6 17. bxc3 O-O 18. Qd3 Rab8 19. Rfb1 Na7 20. axb5 axb5 21. c4 bxc4 22. Qxc4 Qc6 23. Qb3 Nc8 24. Rc1 Qb6 25. Rab1 Ba6 26. Qa2 Bb5 27. Rc5 Na7 28. Nc3 d6 29. Rcxb5 Qxd4+ 30. Qf2 Nxb5 31. Nxb5 Qd3 32. Qf1 Qe3+ 33. Qf2 Qd3 34. Qf1 Qe3+ 35. Kh1 Rfc8 36. Qg1 Rxb5 37. Rxb5 1/2-1/2

[Event "Xtracon Open 2019"]
[Site "Helsingor"]
[Date "2019.07.24"]
[Round "6.4"]
[White "Buchenau, Frank"]
[Black "Hjartarson, Johann"]
[Result "0-1"]
[WhiteElo "2294"]
[BlackElo "2513"]
[Annotator "TA"]
[PlyCount "157"]
[EventDate "2019.07.19"]
[EventType "swiss"]
[EventCountry "DEN"]
[SourceTitle "playchess.com"]
[Source "ChessBase"]
[SourceQuality "1"]

1. e4 c5 2. d3 Nc6 3. f4 g6 4. Nf3 Bg7 5. Be2 e6 6. c3 Nge7 7. O-O d5 8. e5 b6 9. d4 Bb7 10. Be3 cxd4 11. cxd4 O-O 12. Nc3 f6 13. g4 a6 14. Qd2 b5 15. Rac1 Rc8 16. Nd1 Qa5 17. Qxa5 Nxa5 18. b3 Rxc1 19. Bxc1 Nac6 20. Nf2 g5 21. Nd3 gxf4 22. Bxf4 fxe5 23. dxe5 b4 24. Bg3 a5 25. Nf4 Bc8 26. Nh5 Ng6 27. Nxg7 Kxg7 28. Bb5 Rxf3 29. Bxc6 Rc3 30. Be8 Ba6 31. Rf6 Rc1+ 32. Kg2 Rc2+ 33. Rf2 Bd3 34. h4 Be4+ 35. Kg1 Rxf2 36. Bxf2 Bb1 37. Ba4 Kf7 38. Bg3 d4 39. Kf2 Bxa2 40. Ke2 Bb1 41. h5 Ne7 42. Bf2 d3+ 43. Kd2 Nd5 44. Bc6 Nc3 45. Bb6 Bc2 46. Bxa5 Bxb3 47. Bxb4 Nd5 48. Ba5 Bc4 49. Bd8 Ba6 50. Bd7 Bc4 51. Ba4 Ba6 52. Bd1 Ke8 53. g5 Kxd8 54. g6 h6 55. Bg4 Bc8 56. Kxd3 Ke7 57. Kd4 Nc7 58. Kc5 Ne8 59. Kb6 Bd7 60. Bd1 Kd8 61. Bg4 Ng7 62. Bd1 Be8 63. Be2 Ba4 64. Bg4 Ke7 65. Bf3 Bc2 66. Be2 Nf5 67. Kc7 Ng3 68. Bf3 Bd3 69. Bd1 Be2 70. g7 Kf7 71. Bb3 Bg4 72. Kd7 Kxg7 73. Bxe6 Bxe6+ 74. Kxe6 Nxh5 75. Kf5 Kf7 76. e6+ Kg7 77. Ke5 Kg6 78. e7 Ng7 79. Kd4 0-1

[Event "Xtracon Open 2019"]
[Site "Helsingor"]
[Date "2019.07.24"]
[Round "6.4"]
[White "Buchal, Stephan"]
[Black "Gallagher, Daniel GH"]
[Result "1/2-1/2"]
[WhiteElo "2260"]
[BlackElo "2153"]
[Annotator "NA"]
[PlyCount "135"]
[EventDate "2019.07.19"]
[EventType "swiss"]
[EventCountry "DEN"]
[SourceTitle "playchess.com"]
[Source "ChessBase"]
[SourceQuality "1"]

1. c4 e5 2. g3 Nc6 3. Bg2 Bc5 4. Nc3 d6 5. Nf3 f5 6. d3 Nf6 7. O-O O-O 8. a3 a5 9. e3 Bb6 10. Rb1 Qe8 11. b4 axb4 12. axb4 f4 13. Na4 Rxa4 14. Qxa4 fxg3 15. fxg3 e4 16. dxe4 Qh5 17. Qb5 Qg4 18. c5 dxc5 19. bxc5 Ba7 20. Nd4 Ne5 21. c6 Nxc6 22. Nxc6 bxc6 23. Qxc6 Qe2 24. Qc3 Re8 25. Rb2 Qh5 26. Qxc7 Bc5 27. e5 Qxe5 28. Qxe5 Rxe5 29. Rb8 Re8 30. Bd2 Nd7 31. Ra8 Nb6 32. Rb8 Rd8 33. Rc1 Nd7 34. Ra8 Re8 35. Rxc8 Rxc8 36. Bh3 Rc7 37. Be6+ Kf8 38. Kg2 Ke7 39. Bd5 Ra7 40. Rc2 Bd6 41. Be4 h6 42. h4 Ne5 43. Bc3 Rc7 44. Bd4 Rxc2+ 45. Bxc2 Ke6 46. Kh3 Be7 47. g4 Bf6 48. Kg3 g5 49. Bb3+ Kd6 50. h5 Bg7 51. Bb2 Ke7 52. Ba3+ Kd7 53. Bd5 Kc7 54. Be6 Kc6 55. Be7 Kc7 56. Kf2 Kc6 57. Ke2 Kc7 58. Kd2 Kc6 59. Kc2 Kc7 60. Kb3 Kc6 61. Kb4 Nd3+ 62. Kc4 Ne5+ 63. Kb4 Nd3+ 64. Ka5 Bc3+ 65. Ka4 Nc5+ 66. Bxc5 Kxc5 67. Kb3 Bd2 68. e4 1/2-1/2

[Event "Xtracon Open 2019"]
[Site "Helsingor"]
[Date "2019.07.24"]
[Round "6.4"]
[White "Mardell, Jonas"]
[Black "Kvaloy, Aksel Bu"]
[Result "0-1"]
[WhiteElo "2024"]
[BlackElo "2205"]
[Annotator "NA"]
[PlyCount "72"]
[EventDate "2019.07.19"]
[EventType "swiss"]
[EventCountry "DEN"]
[SourceTitle "playchess.com"]
[Source "ChessBase"]
[SourceQuality "1"]

1. e4 g6 2. Nc3 Bg7 3. f4 c5 4. Nf3 Nc6 5. Be2 e6 6. d4 cxd4 7. Nb5 d6 8. Nfxd4 Nxd4 9. Nxd4 a6 10. Be3 Ne7 11. a4 b6 12. c3 O-O 13. O-O Qc7 14. Qe1 e5 15. fxe5 dxe5 16. Qg3 Bb7 17. Nf5 gxf5 18. exf5 f6 19. Qh4 Nd5 20. Bc4 Kh8 21. Rae1 Nf4 22. Bb3 Nxg2 23. Qh3 Nxe1 24. Rxe1 Qc6 25. Kf2 Rad8 26. Rg1 Qe4 27. Qh5 Rd3 28. Rg3 Rxe3 29. Rxe3 Qf4+ 30. Ke2 Bh6 31. Rd3 Qe4+ 32. Kf2 Qxd3 33. Qxh6 Qxf5+ 34. Ke1 Qe4+ 35. Kd1 Rd8+ 36. Kc1 Qe1+ 0-1

[Event "Xtracon Open 2019"]
[Site "Helsingor"]
[Date "2019.07.24"]
[Round "6.4"]
[White "Sandbech, Ted Henrik"]
[Black "Weersing, Nathan"]
[Result "1-0"]
[WhiteElo "1687"]
[BlackElo "1388"]
[Annotator "NA"]
[PlyCount "113"]
[EventDate "2019.07.19"]
[EventType "swiss"]
[EventCountry "DEN"]
[SourceTitle "playchess.com"]
[Source "ChessBase"]
[SourceQuality "1"]

1. Nf3 d5 2. d4 Nf6 3. c4 e6 4. Nc3 Nbd7 5. Bg5 b6 6. cxd5 Be7 7. dxe6 fxe6 8. Bh4 Bb7 9. e3 Ne4 10. Bxe7 Qxe7 11. Nxe4 Bxe4 12. a3 O-O 13. Be2 Qf6 14. Rc1 c5 15. O-O Rad8 16. Qa4 Qg6 17. Ne1 a5 18. f3 Qg5 19. f4 Qf6 20. Bf3 Bg6 21. Rd1 Be8 22. Rf2 Nb8 23. Qc4 Bf7 24. dxc5 Rxd1 25. Bxd1 e5 26. Qc1 Bd5 27. cxb6 Qxb6 28. fxe5 Nd7 29. Rxf8+ Nxf8 30. Bf3 Be6 31. Qc3 Ng6 32. h3 Nf4 33. Qd4 Qxd4 34. exd4 Kf7 35. Kf2 Ke7 36. Ke3 g5 37. Nd3 Nd5+ 38. Kd2 Kd8 39. Nc5 Bf7 40. e6 Be8 41. Bxd5 Kc7 42. Be4 h6 43. d5 Bb5 44. Kc3 Kd6 45. Kd4 a4 46. Nd7 h5 47. Nf6 Be2 48. Bf3 Bxf3 49. gxf3 Ke7 50. Ne4 g4 51. fxg4 h4 52. Ke5 Kf8 53. Kf6 Kg8 54. e7 Kh8 55. e8=Q+ Kh7 56. Qf7+ Kh6 57. Qg6# 1-0

[Event "Xtracon Open 2019"]
[Site "Helsingor"]
[Date "2019.07.24"]
[Round "6.5"]
[White "Bjerre, Jonas Buhl"]
[Black "Tryggestad, Andreas Garberg"]
[Result "1/2-1/2"]
[WhiteElo "2503"]
[BlackElo "2336"]
[Annotator "ChessBase"]
[PlyCount "71"]
[EventDate "2019.07.19"]
[EventType "swiss"]
[EventCountry "DEN"]
[SourceTitle "playchess.com"]
[Source "ChessBase"]
[SourceQuality "1"]

1. e4 c5 2. Nf3 e6 3. d4 cxd4 4. Nxd4 Nc6 5. Nc3 Qc7 6. Qd3 Nxd4 7. Qxd4 a6 8. Be2 b5 9. Be3 Bb7 10. O-O Bd6 11. f4 e5 12. Qd2 Nf6 13. Rad1 Bc5 14. fxe5 Nxe4 15. Nxe4 Bxe4 16. Kh1 O-O 17. Bf4 Qc6 18. Bf3 Rad8 19. Bxe4 Qxe4 20. Qd5 Qxd5 21. Rxd5 Be7 22. Rfd1 f6 23. h3 fxe5 24. Bxe5 Bf6 25. Bxf6 Rxf6 26. Rxd7 Rxd7 27. Rxd7 Rf1+ 28. Kh2 Rb1 29. b3 Rb2 30. Rc7 Rxa2 31. Kg3 a5 32. Rc5 b4 33. Kf4 a4 34. bxa4 Rxa4 35. Rc4 Ra2 36. Rxb4 1/2-1/2

[Event "Xtracon Open 2019"]
[Site "Helsingor"]
[Date "2019.07.24"]
[Round "6.5"]
[White "Rosenkilde, Alexander"]
[Black "Thybo, Thomas Sondergaard"]
[Result "1/2-1/2"]
[WhiteElo "2255"]
[BlackElo "2104"]
[Annotator "NA"]
[PlyCount "117"]
[EventDate "2019.07.19"]
[EventType "swiss"]
[EventCountry "DEN"]
[SourceTitle "playchess.com"]
[Source "ChessBase"]
[SourceQuality "1"]

1. d4 Nf6 2. c4 g6 3. Nc3 Bg7 4. Bg5 d6 5. Nf3 O-O 6. e3 h6 7. Bh4 c5 8. d5 Qb6 9. Rb1 Qa5 10. Nd2 Bf5 11. Rc1 Qb4 12. Qb3 Qxb3 13. Nxb3 g5 14. Bg3 Ne4 15. Nd2 Nxc3 16. bxc3 Nd7 17. Be2 Nb6 18. e4 Bg6 19. Bd1 f5 20. exf5 Bxf5 21. O-O Bf6 22. Re1 Bd3 23. Bb3 h5 24. h3 Nd7 25. Re3 Bg6 26. Bc2 Kg7 27. Bxg6 Kxg6 28. Ne4 Nb6 29. Nxf6 exf6 30. Bxd6 Nxc4 31. Bxf8 Nxe3 32. Bxc5 Nxd5 33. c4 Nf4 34. Rc2 a6 35. Be3 Ne6 36. Rb2 Rc8 37. Rxb7 Rxc4 38. Rb6 Nc7 39. Kf1 Rc2 40. a3 Rc4 41. Rd6 Kf7 42. Ke2 Ke7 43. Rb6 Re4 44. Kd3 Re6 45. Rxe6+ Kxe6 46. Kc4 Kd6 47. Kb4 Kc6 48. Ka5 Kb7 49. g4 hxg4 50. hxg4 Nb5 51. Bc5 Na7 52. Bxa7 Kxa7 53. Kb4 Kb6 54. a4 Kc6 55. Kc4 Kd6 56. Kd4 Kc6 57. Ke4 Kd6 58. Kf5 Ke7 59. Ke4 1/2-1/2

[Event "Xtracon Open 2019"]
[Site "Helsingor"]
[Date "2019.07.24"]
[Round "6.5"]
[White "Thorsbro, Peter"]
[Black "Holinka, Henning"]
[Result "1-0"]
[WhiteElo "2199"]
[BlackElo "2021"]
[Annotator "NA"]
[PlyCount "65"]
[EventDate "2019.07.19"]
[EventType "swiss"]
[EventCountry "DEN"]
[SourceTitle "playchess.com"]
[Source "ChessBase"]
[SourceQuality "1"]

1. e4 g6 2. d4 Bg7 3. c4 Nc6 4. Be3 d6 5. Nc3 e5 6. Nge2 Nf6 7. f3 O-O 8. Qd2 exd4 9. Nxd4 Be6 10. Be2 Nd7 11. O-O Qe7 12. Ndb5 Nde5 13. Nd5 Bxd5 14. cxd5 a6 15. dxc6 axb5 16. cxb7 Rab8 17. a4 c5 18. axb5 Rxb7 19. Rfd1 Rb6 20. Ra6 Rfb8 21. Rxb6 Rxb6 22. b4 Nd7 23. Qd5 Bc3 24. bxc5 Nxc5 25. Bc4 Kg7 26. h4 h6 27. h5 g5 28. Qf5 Qf6 29. Qc8 Qe7 30. Bxc5 dxc5 31. Rd7 Bd4+ 32. Kf1 Qe5 33. Rxf7# 1-0

[Event "Xtracon Open 2019"]
[Site "Helsingor"]
[Date "2019.07.24"]
[Round "6.5"]
[White "Huse, Sigurd Kjelsbol"]
[Black "Opseth, Oliver"]
[Result "1-0"]
[WhiteElo "2122"]
[BlackElo "1714"]
[Annotator "NA"]
[PlyCount "49"]
[EventDate "2019.07.19"]
[EventType "swiss"]
[EventCountry "DEN"]
[SourceTitle "playchess.com"]
[Source "ChessBase"]
[SourceQuality "1"]

1. e4 e5 2. Nc3 Nf6 3. Nf3 Nc6 4. Bb5 Be7 5. Bxc6 dxc6 6. Nxe5 Nxe4 7. Nxe4 Qd5 8. O-O Qxe5 9. Re1 c5 10. Nc3 Qd6 11. Qf3 c6 12. Ne4 Qe5 13. d4 Qxd4 14. Be3 Qd5 15. Bxc5 Be6 16. Rad1 Qxa2 17. Bxe7 Kxe7 18. Qf4 Qa5 19. b4 Qb6 20. Ng5 Raf8 21. Qd6+ Kf6 22. Nxe6 fxe6 23. Qxe6+ Kg5 24. Re5+ Kh4 25. g3# 1-0

[Event "Xtracon Open 2019"]
[Site "Helsingor"]
[Date "2019.07.24"]
[Round "6.6"]
[White "Maze, Sebastien"]
[Black "Thuesen, Mogens"]
[Result "1-0"]
[WhiteElo "2565"]
[BlackElo "2111"]
[Annotator "ChessBase"]
[PlyCount "61"]
[EventDate "2019.07.19"]
[EventType "swiss"]
[EventCountry "DEN"]
[SourceTitle "playchess.com"]
[Source "ChessBase"]
[SourceQuality "1"]

1. e4 e5 2. Nf3 Nc6 3. Bb5 a6 4. Ba4 Nge7 5. c3 g6 6. d4 exd4 7. cxd4 b5 8. Bb3 Bg7 9. d5 Na5 10. Bd2 Nxb3 11. axb3 Bxb2 12. Bc3 Bxc3+ 13. Nxc3 Rb8 14. h4 b4 15. Ne2 Rb6 16. h5 d6 17. hxg6 Nxg6 18. Nfd4 Qg5 19. Ng3 Bg4 20. Qd2 Qxd2+ 21. Kxd2 h5 22. Nf1 Bd7 23. Ne3 c5 24. dxc6 Be6 25. Ra5 h4 26. Rha1 Kd8 27. Rxa6 Rxa6 28. Rxa6 Rh5 29. Ra8+ Kc7 30. Ra7+ Kc8 31. Nef5 1-0

[Event "Xtracon Open 2019"]
[Site "Helsingor"]
[Date "2019.07.24"]
[Round "6.6"]
[White "Hector, Jonny"]
[Black "Vestby-Ellingsen, Mads"]
[Result "1/2-1/2"]
[WhiteElo "2487"]
[BlackElo "2335"]
[Annotator "ChessBase"]
[PlyCount "178"]
[EventDate "2019.07.19"]
[EventType "swiss"]
[EventCountry "DEN"]
[SourceTitle "playchess.com"]
[Source "ChessBase"]
[SourceQuality "1"]

1. e4 c5 2. Nf3 e6 3. d4 cxd4 4. Nxd4 Nc6 5. Nc3 Qc7 6. f4 a6 7. Nxc6 bxc6 8. Bd3 d5 9. O-O Nf6 10. Qe2 Be7 11. Bd2 O-O 12. Rae1 Re8 13. Kh1 Bf8 14. Na4 Nxe4 15. Bxe4 dxe4 16. Qxe4 Bb7 17. c4 c5 18. Qc2 Rad8 19. Be3 Rd7 20. Rd1 Red8 21. b3 Qc6 22. Rxd7 Rxd7 23. Qf2 Rc7 24. Rd1 h6 25. Rd8 Rd7 26. Rxd7 Qxd7 27. h3 e5 28. f5 Be7 29. Bxc5 Bg5 30. Nb2 Bc1 31. Kg1 Bxb2 32. Qxb2 Qxf5 33. Bd6 f6 34. Qe2 h5 35. b4 Bc6 36. Bc5 g6 37. Bf2 Qb1+ 38. Be1 Be4 39. Qf2 Bd3 40. Kh2 Bxc4 41. Qxf6 Qxe1 42. Qxg6+ Kf8 43. Qf6+ Bf7 44. Qd8+ Kg7 45. Qg5+ Kh7 46. Qf6 Bg6 47. Qe7+ Kh6 48. h4 Qe4 49. Qf8+ Kh7 50. Qe7+ Kg8 51. a4 Qf4+ 52. Kg1 Qg3 53. b5 axb5 54. axb5 Qe3+ 55. Kh2 Qd4 56. b6 Qxb6 57. Qxe5 Qd8 58. Qf4 Kg7 59. Kh3 Qd3+ 60. Kh2 Qe4 61. Qc7+ Kf6 62. Qd8+ Kf5 63. Qd7+ Kf4 64. Qd2+ Ke5 65. Qa5+ Qd5 66. Qe1+ Kd6 67. Qb4+ Ke6 68. Kh1 Qe5 69. Qb3+ Kf6 70. Qb6+ Kg7 71. Qf2 Bf5 72. Qa7+ Kh6 73. Qb6+ Be6 74. Qf2 Kg6 75. Kg1 Qe4 76. Kh2 Qf5 77. Qe1 Kf6 78. Kh1 Qf4 79. Qc3+ Kg6 80. Qe1 Bd5 81. Qe8+ Kf6 82. Qd8+ Ke5 83. Qh8+ Ke6 84. Qe8+ Kf6 85. Qd8+ Ke5 86. Qh8+ Ke4 87. Qxh5 Qc1+ 88. Kh2 Qc7+ 89. Kg1 Qc5+ 1/2-1/2

[Event "Xtracon Open 2019"]
[Site "Helsingor"]
[Date "2019.07.24"]
[Round "6.6"]
[White "Liu, Casper"]
[Black "Andersen, Kim Nyvang"]
[Result "1-0"]
[WhiteElo "2194"]
[BlackElo "2008"]
[Annotator "NA"]
[PlyCount "67"]
[EventDate "2019.07.19"]
[EventType "swiss"]
[EventCountry "DEN"]
[SourceTitle "playchess.com"]
[Source "ChessBase"]
[SourceQuality "1"]

1. d4 Nf6 2. Bg5 e6 3. Nd2 h6 4. Bh4 d5 5. e3 Nbd7 6. f4 Be7 7. Bd3 c5 8. c3 a6 9. a4 b6 10. Ngf3 Bb7 11. Qb1 Ng4 12. Bf2 f5 13. O-O Ngf6 14. Ne5 Nxe5 15. fxe5 Ne4 16. Nxe4 dxe4 17. Be2 O-O 18. Qa2 Qd7 19. dxc5 bxc5 20. Rad1 Qc6 21. Bc4 Bc8 22. Bg3 Kh7 23. Rd2 Rd8 24. Rxd8 Bxd8 25. h3 Bg5 26. Bf4 Be7 27. g4 g5 28. Bg3 Qd7 29. gxf5 exf5 30. Bg8+ Kh8 31. Qf7 Bd8 32. e6 Qxf7 33. exf7 Kg7 34. Bd6 1-0

[Event "Xtracon Open 2019"]
[Site "Helsingor"]
[Date "2019.07.24"]
[Round "6.6"]
[White "Madsen, Michael B."]
[Black "Sorensen, Bernhard W."]
[Result "1-0"]
[WhiteElo "2133"]
[BlackElo "1567"]
[Annotator "NA"]
[PlyCount "75"]
[EventDate "2019.07.19"]
[EventType "swiss"]
[EventCountry "DEN"]
[SourceTitle "playchess.com"]
[Source "ChessBase"]
[SourceQuality "1"]

1. d4 d5 2. c4 c6 3. Nf3 Bf5 4. Qb3 Qb6 5. cxd5 Qxb3 6. axb3 cxd5 7. Nc3 Nc6 8. Nxd5 O-O-O 9. Nc3 Nxd4 10. Nxd4 Rxd4 11. Rxa7 Kb8 12. Ra4 Rxa4 13. bxa4 e5 14. e4 Bd7 15. Bb5 Bxb5 16. Nxb5 Bb4+ 17. Bd2 Bxd2+ 18. Kxd2 Ne7 19. Rd1 Rd8+ 20. Ke2 Rxd1 21. Kxd1 f5 22. f3 fxe4 23. fxe4 Nc6 24. Kd2 b6 25. Kc3 Kb7 26. Kc4 Ne7 27. Nd6+ Kc6 28. Nf5 Ng6 29. g3 h5 30. Nxg7 h4 31. Ne6 hxg3 32. hxg3 Ne7 33. Ng5 Kd6 34. Kb5 Nc8 35. Nf3 Ke6 36. Kc6 Nd6 37. Nd2 Nc8 38. Kc7 1-0

[Event "Xtracon Open 2019"]
[Site "Helsingor"]
[Date "2019.07.24"]
[Round "6.7"]
[White "Sonis, Francesco"]
[Black "Rolvag, Mikael"]
[Result "1/2-1/2"]
[WhiteElo "2498"]
[BlackElo "2119"]
[Annotator "RC"]
[PlyCount "117"]
[EventDate "2019.07.19"]
[EventType "swiss"]
[EventCountry "DEN"]
[SourceTitle "playchess.com"]
[Source "ChessBase"]
[SourceQuality "1"]

1. Nf3 Nf6 2. c4 d6 3. d4 Nbd7 4. Nc3 e5 5. g3 Be7 6. Bg2 O-O 7. O-O c6 8. Qc2 Re8 9. Rd1 Qc7 10. e4 a6 11. a4 a5 12. h3 Bf8 13. Be3 exd4 14. Nxd4 Nc5 15. Re1 g6 16. Rad1 Na6 17. f4 Nd7 18. Nb3 Nb4 19. Qf2 b6 20. Nc1 Ba6 21. b3 Rad8 22. Bd4 Nc5 23. g4 Bg7 24. Bxg7 Kxg7 25. g5 Qe7 26. h4 Bc8 27. Bf3 f6 28. Kg2 h6 29. gxh6+ Kxh6 30. Qg3 Qg7 31. Rd2 f5 32. e5 Qe7 33. Red1 Nb7 34. exd6 Qg7 35. N3e2 Bd7 36. Rh1 Qf6 37. Qg5+ Kg7 38. Ng3 Qxg5 39. hxg5 Nc5 40. Kf2 Re6 41. Nge2 Rde8 42. Nd4 Re3 43. Re2 Rxe2+ 44. Ndxe2 Re6 45. Rd1 Nb7 46. Nd4 Rxd6 47. Ke3 Kf7 48. Rd2 Be8 49. Bh1 Rd7 50. Nf3 Rxd2 51. Ne5+ Ke7 52. Kxd2 Kd6 53. Ne2 Nc5 54. Nd4 Ne6 55. Nxe6 Kxe6 56. Bf3 Kd6 57. Kc3 Na6 58. Nd3 Nc5 59. Nxc5 1/2-1/2

[Event "Xtracon Open 2019"]
[Site "Helsingor"]
[Date "2019.07.24"]
[Round "6.7"]
[White "Hauge, Lars Oskar"]
[Black "Berg, Klaus"]
[Result "1-0"]
[WhiteElo "2476"]
[BlackElo "2295"]
[Annotator "ChessBase"]
[PlyCount "58"]
[EventDate "2019.07.19"]
[EventType "swiss"]
[EventCountry "DEN"]
[SourceTitle "playchess.com"]
[Source "ChessBase"]
[SourceQuality "1"]

1. f4 d5 2. Nf3 Bg4 3. e3 e6 4. h3 Bh5 5. d3 Nc6 6. Nc3 d4 7. Ne4 Be7 8. g4 Bg6 9. Bg2 dxe3 10. Bxe3 Nf6 11. Ng3 Nd5 12. Qd2 Bb4 13. c3 Bd6 14. O-O O-O 15. d4 Nce7 16. c4 Nxe3 17. Qxe3 c6 18. Rad1 Qc7 19. Ne5 f6 20. Nxg6 Nxg6 21. Nh5 Qf7 22. c5 Bc7 23. b4 a6 24. a4 Ne7 25. b5 axb5 26. axb5 Nd5 27. Bxd5 exd5 28. b6 Rae8 29. Qd3 Re4 1-0